<?xml version="1.0" encoding="UTF-8"?>
<record
    xmlns:xsi="http://www.w3.org/2001/XMLSchema-instance"
    xsi:schemaLocation="http://www.loc.gov/MARC21/slim http://www.loc.gov/standards/marcxml/schema/MARC21slim.xsd"
    xmlns="http://www.loc.gov/MARC21/slim">

  <leader>00618nam a22002297a 4500</leader>
  <controlfield tag="003">UA-OsUOA</controlfield>
  <controlfield tag="001"> 24853 </controlfield>
  <controlfield tag="007">ta</controlfield>
  <controlfield tag="008">20040303b un ||||| |||| 00| 0 ukr d</controlfield>
  <datafield tag="090" ind1=" " ind2=" ">
    <subfield code="a">342.7</subfield>
    <subfield code="b">&#x41F;68</subfield>
  </datafield>
  <datafield tag="942" ind1=" " ind2=" ">
    <subfield code="c">BK</subfield>
  </datafield>
  <datafield tag="040" ind1=" " ind2=" ">
    <subfield code="a">UA-OsUOA</subfield>
    <subfield code="b">rus</subfield>
    <subfield code="c">UA-OsUOA</subfield>
    <subfield code="d">UA-OsUOA</subfield>
  </datafield>
  <datafield tag="245" ind1=" " ind2=" ">
    <subfield code="a">&#x41F;&#x440;&#x430;&#x432;&#x430; &#x447;&#x435;&#x43B;&#x43E;&#x432;&#x435;&#x43A;&#x430; &#x438; &#x441;&#x443;&#x434;&#x43E;&#x43F;&#x440;&#x43E;&#x438;&#x437;&#x432;&#x43E;&#x434;&#x441;&#x442;&#x432;&#x43E;</subfield>
    <subfield code="b">&#x421;&#x43E;&#x431;&#x440;&#x430;&#x43D;&#x438;&#x435; &#x43C;&#x435;&#x436;&#x434;&#x443;&#x43D;&#x430;&#x440;&#x43E;&#x434;&#x43D;&#x44B;&#x445; &#x434;&#x43E;&#x43A;&#x443;&#x43C;&#x435;&#x43D;&#x442;&#x43E;&#x432;</subfield>
    <subfield code="c">&#x420;&#x435;&#x434;. &#x424;.&#x41A;&#x443;&#x438;&#x43D;&#x43D;</subfield>
  </datafield>
  <datafield tag="300" ind1=" " ind2=" ">
    <subfield code="a">289 &#x441;.</subfield>
  </datafield>
  <datafield tag="955" ind1=" " ind2=" ">
    <subfield code="a">0</subfield>
  </datafield>
  <datafield tag="041" ind1=" " ind2=" ">
    <subfield code="a">rus</subfield>
  </datafield>
  <datafield tag="080" ind1=" " ind2=" ">
    <subfield code="a">342.7</subfield>
  </datafield>
  <datafield tag="260" ind1=" " ind2=" ">
    <subfield code="a">&#x412;&#x430;&#x440;&#x448;&#x430;&#x432;&#x430;</subfield>
    <subfield code="c">1992-1993</subfield>
  </datafield>
  <datafield tag="044" ind1=" " ind2=" ">
    <subfield code="a">RU</subfield>
  </datafield>
  <datafield tag="650" ind1=" " ind2="7">
    <subfield code="2">UDC</subfield>
  </datafield>
  <datafield tag="999" ind1=" " ind2=" ">
    <subfield code="c">311139</subfield>
    <subfield code="d">311139</subfield>
  </datafield>
  <datafield tag="952" ind1=" " ind2=" ">
    <subfield code="0">0</subfield>
    <subfield code="1">0</subfield>
    <subfield code="2">udc</subfield>
    <subfield code="4">0</subfield>
    <subfield code="7">0</subfield>
    <subfield code="a">102</subfield>
    <subfield code="b">102</subfield>
    <subfield code="d">2004-03-03</subfield>
    <subfield code="g">23.00</subfield>
    <subfield code="i">67079</subfield>
    <subfield code="l">0</subfield>
    <subfield code="o">342.7 &#x41F;68</subfield>
    <subfield code="p">67079</subfield>
    <subfield code="r">2022-02-06 00:00:00</subfield>
    <subfield code="w">2004-03-03</subfield>
    <subfield code="y">BK</subfield>
  </datafield>
  <datafield tag="952" ind1=" " ind2=" ">
    <subfield code="0">0</subfield>
    <subfield code="1">0</subfield>
    <subfield code="2">udc</subfield>
    <subfield code="4">0</subfield>
    <subfield code="7">0</subfield>
    <subfield code="a">102</subfield>
    <subfield code="b">102</subfield>
    <subfield code="d">2004-03-03</subfield>
    <subfield code="g">172.50</subfield>
    <subfield code="i">67100</subfield>
    <subfield code="l">0</subfield>
    <subfield code="o">342.7 &#x41F;68</subfield>
    <subfield code="p">67100</subfield>
    <subfield code="r">2022-02-06 00:00:00</subfield>
    <subfield code="w">2004-03-03</subfield>
    <subfield code="y">BK</subfield>
  </datafield>
</record>
